The effects of long-term loading and different environmental conditions on the behaviour of GFRP reinforced concrete members

Saved in:
Bibliographic Details
Main Author: Blaho, Stanislav (Author)
Other Authors: Gajdošová, Katarína (Thesis advisor)
Format: Manuscript Book
Language:Slovak
English
Published: 2025
Subjects:
Online Access:http://is.stuba.sk/zp/portal_zp.pl?podrobnosti=165635
Tags: Add Tag
No Tags, Be the first to tag this record!

MARC

LEADER 00000ntm a22000003a 4500
001 stuzp82112
003 SK-STU
005 20250830210333.8
007 ta
008 150427s2015----xo-----f-mn---000-0-slo-d
040 |a STU  |b slo 
041 0 |a eng 
100 1 |a Blaho, Stanislav  |u 010110  |4 aut  |U SvF Stavebná fakulta  |T SvF Katedra betónových konštrukcií a mostov  |X 75446  |U V110  |Y 11  |7 75446 
242 0 1 |a „Využitie FRP výstuže pri navrhovaní a zosilňovaní betónových konštrukcií  |y slo 
245 1 0 |a The effects of long-term loading and different environmental conditions on the behaviour of GFRP reinforced concrete members 
260 |c 2025 
650 4 |a GFRP  |2 slo 
650 4 |a dlhodobé vlastnosti  |2 slo 
650 4 |a vplyvy prostredie  |2 slo 
650 4 |a long-term properties  |2 eng 
650 4 |a environmental conditions  |2 eng 
650 4 |a GFRP  |2 eng 
700 1 |a Gajdošová, Katarína  |u 010110  |k Z1  |4 ths  |U SvF Stavebná fakulta  |T SvF Katedra betónových konštrukcií a mostov  |X 11276  |U V110  |Y 11  |7 A000011276 
856 4 |u http://is.stuba.sk/zp/portal_zp.pl?podrobnosti=165635